000 00379nam a22001457a 4500
020 _a0712107444
082 _a624.15136
_bHAR
_cL-16, p-51 :
100 _aHertley, Alan
_942635
245 _aSoil Mechanics Level IV
260 _bMacdonald & Evens Ltd
_c1984
300 _a110. p :
_c19cm
526 _a0
_b0
_c0
_d624_151360000000000_HAR
650 _aMCE
_9379
942 _2ddc
_cBK
999 _c546486
_d546486